Normal view
MARC view
- Garratt, G. T
Entry Personal Name
001 - CONTROL NUMBER
- control field: 50437
003 - CONTROL NUMBER IDENTIFIER
- control field: NUST
005 - DATE AND TIME OF LATEST TRANSACTION
- control field: 20210314134631.0
008 - FIXED-LENGTH DATA ELEMENTS
- fixed length control field: 210314|| aca||aabn | a|a d
040 ## - CATALOGING SOURCE
- Original cataloging agency: NUST
- Transcribing agency: NUST
100 ## - HEADING--PERSONAL NAME
- Personal name: Garratt, G. T
670 ## - SOURCE DATA FOUND
- Source citation: Work cat.: (NUST): Thompson, Edward John, 50380, Rise and fulfilment of British rule in India, 1934.
